000 00535nam a2200193Ia 4500
005 20250508152915.0
008 008 250505s9999 xx 000 0 eng d
037 _aTextual
040 _aFEDL
_beng
_cFEDL
041 _aeng
_2eng
084 _a930, KIN
_qFEDL
100 _aDorothy King
_9762718
245 0 _aPeople of Bygone days, Book 2
260 _aLondon, UK
_bBlackie and Son Limited
_c1960
300 _a160p
490 _aBlackie's junior histories
942 _cTEXL
_h930, KIN
999 _c1339543
_d1339543